000 00869nam a2200277Ia 4500
001 Para_204
003 CHAP
008 220125s1992 xx 000 0 und d
010 _a198806
040 _cCHAP
090 _aPA FOLLETO 3173
100 _aRamírez Martínez, Mario
_994137
245 _aProstephanus truncatus (Horn.) peligro potencial en granos almacenados /
_c por Mario Ramirez Martínez, Rosario Zurbia Flores Rico y Ernesto Moreno Martínez
260 _aMéxico :
_b ANDSA
300 _a36 p.
650 _aProstephanus truncatus
_992436
700 _aI. Zurbia Flores Rico, Rosario
_9164104
700 _aII. Moreno Martínez, Ernesto
_9164105
901 _aPA FOLLETO 3173
902 _aA
905 _a0000001992 0000000000 00
910 _a1992
942 _cPARA
942 _cPARA
_d1
999 _c198806
_d198806